000 00306nam a2200121Ia 4500
005 20251222144827.0
008 251222s9999||||xx |||||||||||||| ||spa||
082 _a344.01/B34
100 _aBernuy Alvarez, Oscar H.
245 0 _aRegĂ­menes Especiales Laborales
264 _bImpresores Surco
942 _cLIB
999 _c20725
_d20725